000 00816cam a2200241 a 4500
001 40706
003 BD-RjUL
005 20211209053252.0
008 160509s1964 njua b 001 0 eng
035 _a(BD-RjUL)40821
040 _aDLC
_cDLC
_dBD-RjUL
_beng
041 _aeng
082 0 0 _a354.6668
_223
_bZOO 1964
100 1 _aZolberg, Aristide R.
_9125242
245 1 0 _aOne-party government in the Ivory Coast /
_cZolberg Aristide R
260 _aPrinceton, N.J. :
_bPrinceton University Press,
_c1964.
300 _axiv, 374 p. :
_b3 maps, diagr., tables. ;
_c23 cm.
504 _aIncludes Bibliography: [p. 343-360] and index.
610 2 0 _aParti démocratique de Côte d'Ivoire.
_9126167
650 _aCote Ivory
_xPolitics and government
_y1960-1993
_9125244
942 _2ddc
_cBK
999 _c40706
_d40706